Methods and Models in Demography (Record no. 18016)

MARC details
000 -LEADER
fixed length control field 00437nam a22001577a 4500
008 - FIXED-LENGTH DATA ELEMENTS--GENERAL INFORMATION
fixed length control field 191112b xxu||||| |||| 00| 0 eng d
020 ## - INTERNATIONAL STANDARD BOOK NUMBER
International Standard Book Number 0898624517
050 ## - LIBRARY OF CONGRESS CALL NUMBER
Classification number HB849.4
Item number .N49 1988 c.1
100 ## - MAIN ENTRY--PERSONAL NAME
Personal name Newell, Colin
245 ## - TITLE STATEMENT
Title Methods and Models in Demography
Statement of responsibility, etc. Colin Newell
260 ## - PUBLICATION, DISTRIBUTION, ETC. (IMPRINT)
Place of publication, distribution, etc. New York
Name of publisher, distributor, etc. Guilford Press
Date of publication, distribution, etc. 1988
300 ## - PHYSICAL DESCRIPTION
Extent x, 217p.
650 ## - SUBJECT ADDED ENTRY--TOPICAL TERM
Topical term or geographic name as entry element Demography
650 ## - SUBJECT ADDED ENTRY--TOPICAL TERM
Topical term or geographic name as entry element Models
Form subdivision Mathematical Models
942 ## - ADDED ENTRY ELEMENTS (KOHA)
Source of classification or shelving scheme Library of Congress Classification
Koha item type General Collection
Holdings
Withdrawn status Lost status Source of classification or shelving scheme Not for loan Home library Current library Date acquired Cost, normal purchase price Total Checkouts Full call number Barcode Date last seen Price effective from Koha item type
    Library of Congress Classification   Kabarak, Main Campus Kabarak, Main Campus 12/11/2019 3128.00   HB849.4 .N49 1988 c.1 023851 02/08/2024 12/11/2019 General Collection
Designed with assistance from East African Informatics Ltd